LEADERSHIP AND POWER IDENTITY PROCESSES (Record no. 18257)

MARC details
000 -LEADER
fixed length control field 00330nam a2200121Ia 4500
008 - FIXED-LENGTH DATA ELEMENTS--GENERAL INFORMATION
fixed length control field 240624s9999 xx 000 0 und d
041 ## - LANGUAGE CODE
Language code of text/sound track or separate title eng
082 ## - DEWEY DECIMAL CLASSIFICATION NUMBER
Classification number 658.4092 KNI
100 ## - MAIN ENTRY--PERSONAL NAME
Personal name KNIPPENBERG DAAN VAN
245 ## - TITLE STATEMENT
Title LEADERSHIP AND POWER IDENTITY PROCESSES
260 ## - PUBLICATION, DISTRIBUTION, ETC.
Date of publication, distribution, etc. 2004
Place of publication, distribution, etc. New Delhi
Name of publisher, distributor, etc. Sage Publications Ltd
300 ## - PHYSICAL DESCRIPTION
Extent 280 : p.
Holdings
Withdrawn status Lost status Damaged status Not for loan Home library Current library Shelving location Date acquired Source of acquisition Cost, normal purchase price Full call number Barcode Date last seen Copy number Price effective from Koha item type
        IMTN IMTN Rack 29-B 12/30/2011 FK 2335.00 658.4092 KNI 18257 06/24/2024 1 06/24/2024 Books
Designed & Maintained by: LRC IMT Nagpur Contact: lrc@imtnag.ac.in© 2024. All Rights Reserved.